000 00229nam a2200097Ia 4500
001 685735
005 20250826161523.0
008 250824s9999 xx 000 0 und d
245 0 _aAkıl Labirenti
_cMarkus Sakey
260 _bKORİDOR
999 _c685735
_d685735